Sports Cities of Mexico - Statistics

General Stats
  • This quiz has been taken 41 times
  • The average score is 13 of 29
Answer Stats
City Liga MX Teams LMB Teams LNMB Teams % Correct
Guadalajara 1 0 1
94%
Mexico City 3 1 1
94%
Monterrey 2 1 1
82%
Tijuana 1 1 0
73%
Cancun 0 1 0
70%
Puebla 1 1 1
64%
Queretaro 1 0 1
64%
Toluca 1 0 0
58%
Leon 1 1 1
52%
Merida 0 1 0
52%
Morelia 1 0 1
52%
Ciudad Juarez 1 0 0
45%
San Luis Potosi 1 0 1
45%
Torreon 1 1 1
45%
Aguascalientes 1 1 1
42%
Durango 0 1 1
42%
Tampico 0 0 1
42%
Chihuahua 0 0 1
39%
Zacatecas 0 0 1
39%
Oaxaca 0 1 0
36%
Pachuca 1 0 0
36%
Saltillo 0 1 0
33%
Mexicali 0 0 1
24%
Villahermosa 0 1 0
24%
Campeche 0 1 0
21%
Monclova 0 1 0
21%
Nuevo Laredo 0 1 0
18%
Ciudad Victoria 0 0 1
15%
Fresnillo 0 0 1
9%
No matching quizzes found
Score Distribution
Percent of People with Each Score
Percentile by Number Answered
Your Score History
You have not taken this quiz